000 00251nam a2200097Ia 4500
001 1212610
005 20250827024458.0
008 250824s9999 xx 000 0 und d
245 0 _aBEN KAZANMADAN BİTMEZ
_cBİRCAN YILDIRIM
260 _bDESTEK YAYINLARI
999 _c1212610
_d1212610